The magic school bus rides again : (Record no. 5968)

MARC details
000 -LEADER
fixed length control field 01038nam a22002897a 4500
001 - CONTROL NUMBER
control field 5968
003 - CONTROL NUMBER IDENTIFIER
control field FISKH
005 - DATE AND TIME OF LATEST TRANSACTION
control field 20250213104249.0
008 - FIXED-LENGTH DATA ELEMENTS--GENERAL INFORMATION
fixed length control field 250213b cb ||||| |||| 00| 0 eng d
020 ## - INTERNATIONAL STANDARD BOOK NUMBER
International Standard Book Number 9781338194456
040 ## - CATALOGING SOURCE
Original cataloging agency FISKH
Language of cataloging eng
Transcribing agency FISKH
Modifying agency FISKH
050 ## - LIBRARY OF CONGRESS CALL NUMBER
Classification number QL639 .K38
082 ## - DEWEY DECIMAL CLASSIFICATION NUMBER
Classification number 597.159
100 ## - MAIN ENTRY--PERSONAL NAME
Personal name Katschke, Judy
245 ## - TITLE STATEMENT
Title The magic school bus rides again :
Remainder of title Sink or swim /
Statement of responsibility, etc. by Judy katschke
250 ## - EDITION STATEMENT
Edition statement This edition first published in 2018
260 ## - PUBLICATION, DISTRIBUTION, ETC.
Place of publication, distribution, etc. New York :
Name of publisher, distributor, etc. Scholastic,
Date of publication, distribution, etc. 2018.
300 ## - PHYSICAL DESCRIPTION
Extent 91 pages :
Other physical details illustrations ;
Dimensions 20 cm
505 ## - FORMATTED CONTENTS NOTE
Formatted contents note N<br/>
520 ## - SUMMARY, ETC.
Summary, etc. Ms. Frizzle takes the class on a trip to a Pacific Island, where the Magic School Bus provides them with individual submarines, and they learn about fish schools and the behavior of undersea animals--and try to avoid being eaten by a shark.
521 8# - TARGET AUDIENCE NOTE
Target audience note 540<br/>
Source Lexile<br/>
521 8# - TARGET AUDIENCE NOTE
Target audience note N<br/>
Source Raz-Plus<br/>
650 ## - SUBJECT ADDED ENTRY--TOPICAL TERM
Source of heading or term Magic School Bus
Topical term or geographic name entry element Branches
650 ## - SUBJECT ADDED ENTRY--TOPICAL TERM
Source of heading or term No longer want
Topical term or geographic name entry element ASLA Fiction
942 ## - ADDED ENTRY ELEMENTS (KOHA)
Source of classification or shelving scheme Dewey Decimal Classification
Koha item type Books
Suppress in OPAC No
Holdings
Withdrawn status Lost status Source of classification or shelving scheme Damaged status Not for loan Collection Home library Current library Shelving location Date acquired Total Checkouts Full call number Barcode Date last seen Copy number Price effective from Koha item type
    Dewey Decimal Classification     Juvenile Fiction Footprints International School Library Network Toul Kork Campus Footprints International School Library Network Toul Kork Campus TTP Primary Yellow Bookshelves 02/13/2025   KAT 597.159 QL639 .K38 2025-0535 02/13/2025 1 02/13/2025 Books